000 01333pam a2200349 a 4500
001 6352
003 FISKH
005 20250821132806.0
008 100614r19981998maua j 000 0beng
010 _a 2010287529
020 _a9780547248295
040 _aDLC
_cDLC
_dDLC
_beng
050 _aQC858.B46 M37
082 _a551.57841092
100 1 _aMartin, Jacqueline Briggs.
245 1 0 _aSnowflake Bentley /
_cJacqueline Briggs Martin ; illustrated by Mary Azarian.
260 _aBoston :
_bHoughton Mifflin,
_c1998.
300 _a32 unnumbered pages :
_bcolor illustrations ;
_c26 cm
520 _aA biography of a self-taught scientist who photographed thousands of individual snowflakes in order to study their unique formations.
600 1 0 _aBentley, W. A.
_q(Wilson Alwyn),
_d1865-1931
_vJuvenile literature.
600 1 1 _aBentley, W. A.
_q(Wilson Alwyn),
_d1865-1931.
650 0 _aSnowflakes
_vJuvenile literature.
650 0 _aNature photography
_vJuvenile literature.
650 0 _aMeteorologists
_zUnited States
_xBiography
_vJuvenile literature.
650 0 _aPhotographers
_zUnited States
_xBiography
_vJuvenile literature.
650 1 _aScientists.
650 1 _aSnow.
700 1 _aAzarian, Mary,
_eillustrator
906 _a7
_bcbc
_corigcop
_d2
_eocip
_f20
_gy-gencatlg
942 _2ddc
_cBK
_n0
999 _c6352
_d6352